Cesta k československé federaci /

Hlavní autor: Šiška, Miroslav, 1952-
Jazyk: Čeština
Vydáno: Praha : Svoboda, 1988
Vydání: 1. vyd.
Edice: Malá politická knihovna
Témata:
Fyzický popis: 167 s.
Knihy
Uloženo v:
LEADER 01025nam a22003012a 4500
001 000051406
003 CZ BrMZK
005 20060814142926.0
007 ta
008 951201s1988 xr f cze d
015 |a cnb000041112 
035 |a (OCoLC)25474650 
040 |a BOA001  |b cze 
080 |a 323.172(437)  |2 MRF 
080 |a 342.24(437)  |2 MRF 
100 1 |a Šiška, Miroslav,  |d 1952-  |7 xx0004637  |4 aut 
245 1 0 |a Cesta k československé federaci /  |c Miroslav Šiška 
250 |a 1. vyd. 
260 |a Praha :  |b Svoboda,  |c 1988 
300 |a 167 s. 
490 1 |a Malá politická knihovna 
830 0 |a Malá politická knihovna 
910 |a BOA001  |b PK-0109.108  |b 2-0939.439 
964 |a Československo - národnosti - vztahy - r.1918-1988 
964 |a Československo - federace - vznik 
990 |a BK 
996 7 |b 2619337558  |c 2-0939.439  |l MZK  |r Sklad / do 1 hodiny  |n 0  |w 000051406  |u 000020  |a 1  |e BOA001  |j MZK50  |s A 
996 7 |b 3119978192  |c PK-0109.108  |l MZK  |r Sklad / do 1 hodiny  |n 3  |w 000051406  |u 000010  |a 1  |e BOA001  |j MZK50  |s A